The Spins Lyrics - Mac Miller - Statistics

General Stats
  • This quiz has been taken 73 times
    34 since last reset
  • The average score is 265 of 354
Answer Stats
Hint Answer % Correct
a
100%
A
100%
my
100%
The
100%
the
100%
to
100%
watch
100%
"What
100%
get
96%
go
96%
Goonies
96%
hi
96%
I,
96%
I
96%
Jacuzzi
96%
like
96%
Like
96%
Like,
96%
mansion,
96%
movies
96%
Verse 1 Wanna
96%
wanna
96%
ya,
96%
ya
96%
you
96%
You
96%
your
96%
and
92%
do
92%
K.I.D.S.
92%
kids
92%
love
92%
on
92%
theater
92%
all?
88%
all
88%
call
88%
cry
88%
hangin'
88%
Mirror,
88%
mirror
88%
Oh,
88%
Chorus x2 Oh oh oh
88%
say,
88%
She
88%
she
88%
that,
88%
that
88%
wall
88%
we
88%
with
88%
With
88%
Yeah
88%
baby
83%
"Baby
83%
baby,
83%
Baby,
83%
be
83%
Intro Dope
83%
dope
83%
dreams
83%
Follow
83%
in
83%
lots
83%
me
83%
me,
83%
me?
83%
rockstar.
83%
rockstar
83%
see
83%
So,
83%
so,
83%
So
83%
so
83%
they
83%
where
83%
Who
83%
by
79%
can
79%
future,
79%
girl
79%
of
79%
shit
79%
smoke
79%
then
79%
Then
79%
back
75%
ball
75%
been?
75%
Couple
75%
'em
75%
fancy
75%
fuck
75%
girlfriend
75%
take
75%
them
75%
things
75%
weed,
75%
Welcome
75%
whips
75%
are,
71%
are
71%
bed
71%
crystal
71%
doin'
71%
Don't
71%
don't
71%
just
71%
next
71%
now
71%
tell
71%
this
71%
want
71%
week,
71%
week"
71%
white
71%
blushin',
67%
boy
67%
concussion
67%
fly
67%
fuckin'
67%
gave
67%
Got
67%
got
67%
head
67%
him
67%
hit
67%
I'm
67%
let
67%
need
67%
not
67%
red
67%
rush
67%
bitch
63%
bubblin',
63%
cuddlin'
63%
flyest
63%
higher
63%
if
63%
If
63%
inside
63%
is
63%
kiss
63%
nothing'
63%
ride
63%
ain't
58%
anything
58%
blunt
58%
drunk,
58%
Feds
58%
Bridge Hear
58%
hittin'
58%
Honey
58%
I'll
58%
interrogate
58%
know,
58%
know
58%
mariah
58%
mouth
58%
notes
58%
sayin'
58%
sheets
58%
supplier
58%
tops
58%
vaporizer"
58%
bluffin'
54%
come
54%
could
54%
her
54%
hoes
54%
Obsessed
54%
um
54%
dick,
50%
grabbin'
50%
home
50%
mad
50%
probably
50%
side
50%
Verse 2 These
50%
'Cause
46%
It's
46%
Jerm
46%
loves
46%
million
46%
asks
42%
fault
42%
freak
42%
Outro Hey
42%
says,
42%
smile,
42%
calls
38%
chance
38%
textin'
38%
times.
38%
trillion
38%
ecstasy
33%
faith
33%
feel
33%
Give
33%
'round
33%
round
33%
undress
33%
weak
33%
will
33%
amends
29%
end
29%
knees
29%
Make
29%
please,
29%
please
29%
'til
29%
us
29%
Without
29%
down
25%
homie
25%
out
25%
prayin
25%
screenin'
25%
Though
25%
more
21%
stand
17%
haha
13%
only
8%
up
8%
uh-huh
4%
No matching quizzes found
Score Distribution
Percent of People with Each Score
Percentile by Number Answered
Your Score History
You have not taken this quiz since the last reset